01001nam a22002297a 4500003000200000005001700002008004100019050003000060100003200090245009100122260009000213300002100303504004100324650007100365650007000436650002400506650002100530650002500551942001400576999001900590952016200609020250129103816.0150923b xxu||||| |||| 00| 0 eng d aPGS GV 1469.3b.M539 2015 aMendoza, Kristan Antomio B. aVideo games engagement and level of self-responsibility /cKristan Antomio B. Mendoza. aLas Piñas City, Philippines :bSouthville International School and Colleges,c2015. a32 p. :c28 cm.  aIncludes bibliographical references. 2Library of Congress Subject HeadingsaVideo gamesvSocial aspects. 2Library of Congress Subject HeadingsaResponsibility in children. aChildrenvBehavior. aGaming behavior. aGrade 6 (Education). 2lcccPASS c288723d288723 00102lcc4071aLUXbLUXcPASSd2015-09-23eDONATIONl0oPGS GV 1469.3 .M539 2015pP3437r2015-09-23 00:00:00w2015-09-23yPASSzBe Amazing, Be Southville!